<?xml version="1.0" encoding="UTF-8"?>
<collection xmlns="http://www.loc.gov/MARC21/slim">
 <record>
  <leader>01392nam a22002177a 4500</leader>
  <controlfield tag="001">NCT_45909</controlfield>
  <controlfield tag="008">180712b        xxu||||| |||| 00| 0 vie d</controlfield>
  <datafield tag="999" ind1=" " ind2=" ">
   <subfield code="c">2198</subfield>
   <subfield code="d">2198</subfield>
  </datafield>
  <datafield tag="020" ind1=" " ind2=" ">
   <subfield code="a">9786049313257</subfield>
   <subfield code="c">169000</subfield>
  </datafield>
  <datafield tag="082" ind1="0" ind2="4">
   <subfield code="2">23rd ed.</subfield>
   <subfield code="a">650.1</subfield>
   <subfield code="b">B981</subfield>
  </datafield>
  <datafield tag="100" ind1="1" ind2=" ">
   <subfield code="a">Bussgang, Jeffrey</subfield>
  </datafield>
  <datafield tag="245" ind1="1" ind2="0">
   <subfield code="a">Cuộc chơi khởi nghiệp :</subfield>
   <subfield code="b">Làm thế nào để một công ty khởi nghiệp tạo dựng, tăng trưởng và thoái vốn thành công vốn đầu tư mạo hiểm?</subfield>
   <subfield code="n">Tập 2</subfield>
   <subfield code="c">Jeffrey Bussgang ; Anh Tuấn (dịch)</subfield>
  </datafield>
  <datafield tag="260" ind1=" " ind2=" ">
   <subfield code="a">H.</subfield>
   <subfield code="b">Công thương</subfield>
   <subfield code="c">2017</subfield>
  </datafield>
  <datafield tag="300" ind1=" " ind2=" ">
   <subfield code="a">302 tr.</subfield>
   <subfield code="c">21cm</subfield>
  </datafield>
  <datafield tag="520" ind1="3" ind2=" ">
   <subfield code="a">Cuốn sách cho ta khám phá thế giới bí ẩn của 'câu lạc bộ những nhà đầu tư mạo hiểm', dưới con mắt của một người vừa là doanh nhân thành đạt, vừa là một nhà đầu tư mạo hiểm thành công.</subfield>
  </datafield>
  <datafield tag="653" ind1=" " ind2=" ">
   <subfield code="a">Sách tham khảo</subfield>
  </datafield>
  <datafield tag="700" ind1="1" ind2=" ">
   <subfield code="a">Anh Tuấn</subfield>
   <subfield code="e">dịch</subfield>
  </datafield>
  <datafield tag="942" ind1=" " ind2=" ">
   <subfield code="2">ddc</subfield>
   <subfield code="c">BK</subfield>
  </datafield>
  <datafield tag="952" ind1=" " ind2=" ">
   <subfield code="0">0</subfield>
   <subfield code="1">0</subfield>
   <subfield code="2">ddc</subfield>
   <subfield code="4">0</subfield>
   <subfield code="6">650_100000000000000_B981</subfield>
   <subfield code="7">0</subfield>
   <subfield code="9">12515</subfield>
   <subfield code="a">000001</subfield>
   <subfield code="b">000001</subfield>
   <subfield code="d">2018-07-12</subfield>
   <subfield code="o">650.1 B981</subfield>
   <subfield code="p">TK.00483</subfield>
   <subfield code="r">2018-07-12</subfield>
   <subfield code="v">169000.00</subfield>
   <subfield code="w">2018-07-12</subfield>
   <subfield code="y">BK</subfield>
  </datafield>
  <datafield tag="952" ind1=" " ind2=" ">
   <subfield code="0">0</subfield>
   <subfield code="1">0</subfield>
   <subfield code="2">ddc</subfield>
   <subfield code="4">0</subfield>
   <subfield code="6">650_100000000000000_B981</subfield>
   <subfield code="7">0</subfield>
   <subfield code="9">14817</subfield>
   <subfield code="a">000001</subfield>
   <subfield code="b">000001</subfield>
   <subfield code="d">2018-11-05</subfield>
   <subfield code="o">650.1 B981</subfield>
   <subfield code="p">TK.00482</subfield>
   <subfield code="r">2018-11-05</subfield>
   <subfield code="v">169000.00</subfield>
   <subfield code="w">2018-11-05</subfield>
   <subfield code="y">BK</subfield>
  </datafield>
  <datafield tag="980" ind1=" " ind2=" ">
   <subfield code="a">Thư viện Trường Đại học Nam Cần Thơ</subfield>
  </datafield>
 </record>
</collection>
